000 00511nam a2200193Ia 4500
003 OSt
005 20250205113505.0
008 210210b1969 xxu||||| |||| 00| 0 eng d
040 _cAL
041 _aKannada
082 _a859/693
100 _aTRIVENI
_971416
_dತ್ರಿವೇಣಿ.
245 _aHradayagita
_bಹೃದಯಗೀತ
260 _aMaisuru
_bD V K Murthy, Prakashakaru.,
_c1969
650 _aHradayagIta
_971417
690 _aKannada Fiction
_971418
906 _a021543
942 _2ddc
_cBK
999 _c145630
_d145630